| 000 | 00600nam a22001937a 4500 | ||
|---|---|---|---|
| 005 | 20251108170513.0 | ||
| 008 | 250721s2003 xx 000 0 ara d | ||
| 082 | 1 | 4 | _aم/213.44/سجس |
| 100 | 1 | _aأبو داود السجستاني، أبو داود سليمان بن الأشعث | |
| 245 | 1 | 0 | _aسنن أبي داوود / |
| 264 | 1 |
_aعمان : _c2003. |
|
| 300 | _a955ص. | ||
| 650 | 1 | 7 | _aكتب الحديث الستة |
| 650 | 1 | 7 | _aسنن أبي داود |
| 700 | 1 |
_aمرشد، عادل _eتحقيق |
|
| 700 | 1 |
_aعامر، سليم _eتحقيق |
|
| 942 |
_2ddc _cREF |
||
| 999 |
_c42089 _d42089 |
||